• 首页
  • 本馆介绍
  • 公告通知
  • 最新文献
  • 馆藏检索
  • 电子资源
  • 读者导购
  • 参考咨询
  • 我的图书馆
  • 登录
  • 详细信息显示
  • 放入我的书架
  • 预约/预借图书
  • 作者相关作品
  • 分类相关作品
  • 丛书相关作品
  • 出版社相关作品

书目信息

  • 表格格式
  • 工作单格式
  • 卡片格式
书名: A history of philosophy
作者: Samuel Enoch Stumpf, James Fieser
分册号:
分册名:
出版地: Beijing :
 
出版社: Peking University Press
出版时间: 2006.
页数: xiv, 498 p. :
开本: 23 cm.
丛书名: 北京大学西学影印丛书
中图分类号:
科图分类号:
其他分类号: B5
主题词:
电子资源:
000 01553nam 2200361 a 4500
001 E0738527995
004 001411358
004 001411358
005 20070629104521.45
008 4001uueng0000000
008 4001uueng0000000
008 001 0 eng
020    @a7301108079 :@cCNY45.00.
040    @aCcBjTSG @beng@cCcBjTSG
041    @aeng@bchi
050 04 @aB72 @b.S79 2003
082 04 @a190 @221
090    @aB5
099    @dB5@ex9
100 1  @aStumpf, Samuel Enoch, @d1918-
245 12 @aA history of philosophy :@bSocrates to Sartre and beyond = 西方哲学史 : 从苏格拉底到萨特及其后 / @cSamuel Enoch Stumpf, James Fieser
246 31 @a西方哲学史 : @b从苏格拉底到萨特及其后
250    @a影印版.
260    @aBeijing :@bPeking University Press,@c2006.
300    @axiv, 498 p. :@bill., map, ports. ;@c23 cm.
440  0 @a北京大学西学影印丛书. @p哲学
500    @a本书英文影印版由北京大学出版社和美国麦格劳—希尔教育出版公司合作出版。
504    @aIncludes bibliographical references (p. B1-B16) and index.
534    @pReprint. Originally published: @tSocrates to Sartre and beyond : A history of philosophy. @cThe McGraw-Hill Companies, Inc., 2003, @b7th ed. @z0072560789.
650  0 @aPhilosophy @xHistory.
700 1  @aFieser, James. @b01 @c20070522 @lNLC09 @h1050 @b40 @c20070608 @lNLC09 @h1404 @b40 @c20070618 @lNLC09 @h1450 @b40 @c20070618 @lNLC09 @h1453 @b40 @c20070618 @lNLC09 @h1454 @b40 @c20070618 @lNLC09 @h1455
852 91 @bWWDY @k2-2007 @hB5 @iS934
852 91 @bWWJC @cJ09 @k2-2007 @hB5 @iS934
    
    A history of philosophy : : Socrates to Sartre and beyond = 西方哲学史 : 从苏格拉底到萨特及其后 / / Samuel Enoch Stumpf, James Fieser.-影印版.-Beijing : : Peking University Press, , 2006.
    xiv, 498 p. : : ill., map, ports. ; ; 23 cm.- (北京大学西学影印丛书. 哲学 )
    本书英文影印版由北京大学出版社和美国麦格劳—希尔教育出版公司合作出版。.-Includes bibliographical references (p. B1-B16) and index.
    
    ISBN 7301108079 :CNY45.00.
    
●
相关链接 在E读中查询图书 在五车中查询图书 在当当中查询图书 在豆瓣中查询图书


正题名:history of philosophy     索取号:B5/x9         预约/预借

序号 登录号 条形码 馆藏地/架位号 状态 备注
1 12241   300122418   第二样本阅览室/ [索取号:B5/x9] 在馆    
2 12242   300122427   第四借阅区/ [索取号:B5/x9] 在馆    
3 12243   300122436   第四借阅区/ [索取号:B5/x9] 在馆    
4 12244   300122445   第四借阅区/ [索取号:B5/x9] 在馆    
5 12245   300122454   第四借阅区/ [索取号:B5/x9] 在馆    
6 12246   300122463   第四借阅区/ [索取号:B5/x9] 在馆    
7 12247   300122472   第四借阅区/ [索取号:B5/x9] 在馆    
8 12248   300122481   第四借阅区/ [索取号:B5/x9] 在馆    
唐山师范学院图书馆 欢迎您!
大连网信软件有限公司© 版权所有